00625nam a22002172 450000100060000000300080000600500170001400800390003103500190007004000270008904100080011608200180012410000320014224500690017425000090024326000490025230000350030150400370033665000150037370000190038833533BD-RjUL20211209052026.0790320s1948 paua 001 0 eng a(BD-RjUL)33624 aDLCcDVPdBD-RjULbeng aeng a301bQUL 19481 aQuinn, James Alfred,d1895-10aLiving in the social world /cJames A. Quinn [and] Arthur Repke. aRev. aPhiladelphia :bJ.B. Lippincott Co.,cc1948. aviii, 536 p. :bill. ;c22 cm. aIncludes bibliography and index. 0aSociology.1 aRepke, Arthur.